000 00422nam a22001817a 4500
003 MPLRDC
005 20220104124714.0
008 210129b ||||| |||| 00| 0 eng d
082 _a308.9 ETKZ v.6
100 _a云淙文; 徐光图
245 _a五兄弟
_c
250 _a初版
260 _a
_b东阳出版社
_c1994
300 _b
490 _a儿童科智丛书
650 _a
942 _cBK
_o308.9 ETKZ v.6
999 _c21490
_d21480